[Event "Høstturneringen 2018"]
[Site "Ås, Akershus NOR"]
[Date "2018.11.08"]
[Round "8"]
[White "Simonsen, Steinar"]
[Black "Lea, Per"]
[Result "0-1"]
[WhiteElo "1547"]
[BlackElo "1729"]
[Annotator "Lea,Per"]
[PlyCount "102"]
[EventDate "2018.08.30"]

1. e4 e5 2. Nc3 Nf6 3. Nf3 Nc6 4. Bb5 a6 $2 (4... Bb4 {regnes som
hovedvarianten}) (4... Nd4 {blir anbefalt i eldre sjakklitteratur, f.eks i
MaxEuwes klassiske 12-bindsverk Theorie der Schacheröffnungen (for mange også
kjent gjennom den svenske utgaven Spelöppningsteori) - innkjøpt i
Universitetsbokhandelen på Blindern 30. april 1974 for den nette sum av 27
kroner og 20 øre, ifølge en falmet kvittering limt inn i boka. Bindet som
omhandler spansk og tre- og firspringerspill (bind 10), har jeg i 1971-utgaven.
}) 5. Bxc6 bxc6 6. O-O ({Jeg hadde helt oversett at etter} 6. Nxe5 $1 Qe7 7. d4
{kan ikke svart spille} d6 {Heldigvis så ikke hvit dette bonderovet som i
tillegg til bonden gir hvit klart bedre stilling.}) 6... d6 7. d4 exd4 8. Nxd4
Bb7 $2 {Der ble den stående til den ble slått 10 trekk seinere...} (8... c5 {
er sannsynligvs best, men svarts stilling er uansett ikke noe pent skue}) 9.
Re1 Be7 10. Bg5 h6 11. Bxf6 $2 {Forenkler stillingen helt unødig. Alle andre
løpertrekk er bedre ifølge Stockfish, inkludert den paradoksale retretten til
c1.} Bxf6 ({Jeg vurderte et øyeblikk} 11... gxf6 {for å satse på kongeangrep,
men det ville vært en fatal feil}) 12. Qd3 (12. e5 dxe5 13. Ne4 O-O ({Ikke} 
13... exd4 $4 14. Nxf6+ Kf8 15. Re8+ Qxe8 16. Nxe8 Rxe8 17. Qxd4 {med
vinststilling for hvit}) 14. Nf5 Qxd1 15. Raxd1 Bd8 {og svart har liten glede
av løperparet}) 12... Qd7 (12... O-O {er det trauste svaret, og derfor litt
kjedelig, men her var det nok langt bedre å sate på det sikre, uansett hvor
kjedelig det er}) 13. f4 {I følge Stockfish tipper fordelen nå over til svart,
men den er minimal} (13. Nb3 Be5 14. Rad1 O-O {og hvit har en behagelig
stilling}) 13... O-O-O 14. Rad1 c5 (14... Qg4 15. Qc4 d5 16. Qb4 Rhe8 {er
kanskje helt greit for svart} ({Etter} 16... Qxf4 17. Nb3 {får hvit et
ubehagelig initiativ, hvor særlig løperen på b7 kan vise seg å bli et
kjempeproblem})) 15. Nb3 g5 $4 16. Nd5 $1 {En kjempespringer som burde vært
eliminert umiddelbart.} Bg7 (16... c6 $4 17. Nb6+ {er bare å gi opp}) 17. Na5
$1 Rhe8 $2 (17... Bd4+ 18. Kh1 Qb5 19. Ne7+ Kd7 20. Nxb7 Qxd3 21. cxd3 Rb8 {
kunne vært forsøkt, men er klart fordelaktig for hvit det også}) 18. Nxb7 ({
Her er det åpne linjer som gjelder:} 18. b4 $1 {og} Qa4 {er sannsynligvis det
minste ondet blant pest og kolera og det som verre er}) 18... Kxb7 19. f5 Be5
20. b4 {Nå er dette langt fra så farlig som tidligere} c6 21. Ne3 ({Under
partiet fryktet jeg at jeg ville få uoverstigelige problemer etter} 21. bxc5
cxd5 22. Rb1+ Ka7 23. Rb6 Qc8 24. Reb1 {men jeg hadde ikke sett at} Qxc5+ 25.
Kf1 Qxb6 26. Rxb6 Kxb6 27. Qxd5 Rd7 {skal være lett vinst for svart}) 21...
cxb4 22. Nc4 (22. Rb1 c5 23. a3 Qb5 24. Qd5+ Ka7 25. axb4 Rd7 {med omtrent lik
stilling}) 22... c5 {Tviholder på bonden} ({men} 22... Bc3 {har større sjanse
til å lykkes} 23. Re2 Qc7 24. Nxd6+ Kb8 25. Rb1 Qa7+ 26. Kf1 Be5 27. Rxb4+ Ka8
28. Nxe8 Rxd3 29. cxd3 Bxh2 {bør vinne for svart}) 23. Qd5+ Kc7 24. Nxe5 $2 {
Bytter en sterke springer mot en dårlig løper. Nå blir det (nesten) ingenting
igjen av angrepet, og hvit sitter igjen med en bonde mindre} Rxe5 25. Qc4 (25.
Qxe5 dxe5 26. Rxd7+ Rxd7 {bør vinne helt greit for svart på grunn av hvits
svake bønder på dronningfløyen}) 25... Kb6 26. Rd5 Rxd5 (26... Qb5 27. Qb3 (27.
Qxb5+ axb5 {er håpløst for hvit}) 27... f6 {er enda sterkere}) 27. Qxd5 Qb7 28.
Qc4 d5 29. Qd3 Re8 ({Jeg våget meg ikke inn i} 29... c4 30. Qd4+ Ka5 31. Qg7 {
men det var en total feilvurdering - hvits dronningtrekk er slett ikke noe å
frykte. Etter} ({Også} 31. exd5 Qb6 32. Qxb6+ Kxb6 33. Re7 Rxd5 34. Rxf7 Kb5
35. f6 Rf5 {er klart fordelaktig for svart}) 31... dxe4 32. Qxh6 Qa7+ ({Også
det enkle} 32... Qb6+ 33. Qxb6+ Kxb6 {vinner for svart}) 33. Kh1 Qf2 34. Rb1 (
34. Rc1 $4 Qxc2 35. Rxc2 Rd1#) 34... Qxc2 35. Rg1 Rd1 {er håpløst for hvit})
30. e5 Qd7 ({Igjen er} 30... c4 {bedre, men nå begynner tidsnøden å gjøre seg
gjeldende}) 31. a3 a5 32. axb4 axb4 33. Ra1 (33. Qh3 {skal gi utlikning!})
33... Qb7 34. Re1 Kc6 (34... Qc6 {var det rette}) 35. Qh3 $1 {Nå så hvit det!
Stillingen er om ikke "kliss remis" så i hvert fall helt lik i følge
silisiumhjernene (NB: Ikke silikonhjernene!)} Rh8 36. e6 Qe7 $2 {Au!} 37. Qh5 (
37. Qb3 $1 Qa7 38. c4 {vinner for hvit!}) 37... f6 38. Qf7 $2 {Gir bort hele
fordelen - igjen!} Kd6 $2 {men svart tar ikke i mot gavepakken...} (38... Qxf7
$1 39. exf7 Rf8 40. Re7 (40. Re6+ Kb5 41. Rxf6 {og hvits tårn er bundet til
forsvaret av f-bonden}) 40... d4 41. Kf2 d3 $1 {vinner}) 39. Qh5 c4 40. Qg4 Kc6
41. Qd4 $2 {Kaster bort remisen på grunn av bindingen} Qc5 42. Qxc5+ Kxc5 43.
e7 Re8 44. Re6 b3 45. cxb3 cxb3 46. Rxf6 b2 47. Rf8 Rxe7 48. Rb8 Re1+ 49. Kf2
b1=Q 50. Rxb1 Rxb1 51. f6 Kd6 {...og hvit hadde fått nok. Med så mye feiltrekk,
burde vel egentlig begge blitt dømt til tap. Alternativt fått husarrest i en
uke med tvangslesing av Øystein Brekkes nye sjakkbok, som visstnok skal bringe
leseren fram til et ratingnivå på 1400...} 0-1

[Event "Høstturneringen 2018"]
[Site "Ås, Akershus NOR"]
[Date "2018.11.08"]
[Round "8"]
[White "Olsen, Trygve"]
[Black "Aamodt, Peder Marcus"]
[Result "0-1"]
[WhiteElo "1542"]
[BlackElo "1369"]
[PlyCount "98"]
[EventDate "2018.08.30"]

1. f4 d5 2. d4 Bf5 3. b4 e6 4. c3 Nf6 5. Nf3 Bd6 6. Ne5 Bxe5 7. fxe5 Ne4 8. Bf4
Nd7 9. e3 Qh4+ 10. g3 Qe7 11. Bg2 g5 12. Bxe4 Bxe4 13. O-O gxf4 14. Rxf4 O-O-O
15. Nd2 Bg6 16. a4 h5 17. Nf3 Be4 18. Nh4 Nf8 19. Qe2 Ng6 20. Nxg6 fxg6 21.
Raf1 Rdf8 22. Rf6 Bf5 23. a5 c6 24. b5 Rxf6 25. exf6 Qd7 26. bxc6 bxc6 27. a6
Rf8 28. Rc1 Rxf6 29. c4 Kd8 30. Qd2 Rf7 31. Qb4 Qc7 32. c5 Bd3 33. Ra1 Kc8 34.
Qd2 Bb5 35. Kg2 e5 36. e4 dxe4 37. Qh6 Rf6 38. Qh8+ Qd8 39. Qg7 Qf8 40. Qb7+
Kd8 41. Qb8+ Ke7 42. Qxe5+ Kd7 43. d5 Rf2+ 44. Kh3 Qf5+ 45. Qxf5+ Rxf5 46.
dxc6+ Kxc6 47. Kh4 e3 48. Ra3 e2 49. Re3 Rf1 0-1

[Event "Høstturneringen 2018"]
[Site "Ås, Akershus NOR"]
[Date "2018.11.08"]
[Round "8"]
[White "Heien, Aksel"]
[Black "Thowsen, Alf Geir"]
[Result "0-1"]
[WhiteElo "1276"]
[BlackElo "1409"]
[PlyCount "90"]
[EventDate "2018.08.30"]

1. e4 e6 2. d4 d5 3. Nd2 c5 4. Bb5+ Nc6 5. Ngf3 a6 6. Bxc6+ bxc6 7. O-O cxd4 8.
Nxd4 Bb7 9. Re1 Bc5 10. N2b3 Ba7 11. exd5 cxd5 12. Nf3 Nf6 13. Bg5 O-O 14. Ne5
h6 15. Be3 Bb6 16. Bxb6 Qxb6 17. Qe2 Rfd8 18. Rad1 Rac8 19. c3 Qd6 20. Nd4 Ne4
21. Nef3 Rc4 22. Nd2 Nxd2 23. Qxd2 e5 24. b3 Rc7 25. Nf5 Qf6 26. Ng3 Rdc8 27.
Rc1 e4 28. Ne2 Qe5 29. Qd4 Qxd4 30. cxd4 Rc2 31. a3 a5 32. Rxc2 Rxc2 33. Nc1 f5
34. h3 Kf7 35. g3 Rd2 36. Ne2 g5 37. a4 Ba6 38. Nc1 Rxd4 39. h4 Kg6 40. hxg5
hxg5 41. Ne2 Rd2 42. Nc1 d4 43. Kg2 d3 44. Rf1 Rc2 45. Rd1 d2 0-1

[Event "Høstturneringen 2018"]
[Site "Ås, Akershus NOR"]
[Date "2018.12.06"]
[Round "9"]
[White "Aamodt, Peder Marcus"]
[Black "Kvam, Audun"]
[Result "0-1"]
[WhiteElo "1369"]
[BlackElo "2026"]
[PlyCount "70"]
[EventDate "2018.08.30"]

1. d4 Nf6 2. Nf3 e6 3. c4 d5 4. Bg5 Be7 5. Nc3 O-O 6. e3 b6 7. Be2 Bb7 8. O-O
Nbd7 9. Rc1 c5 10. h3 a6 11. a3 dxc4 12. Bxc4 b5 13. Be2 c4 14. Qc2 Nd5 15.
Bxe7 Qxe7 16. Nxd5 exd5 17. Qf5 a5 18. Ne5 Nxe5 19. Qxe5 Qxe5 20. dxe5 Rfe8 21.
f4 f6 22. exf6 Rxe3 23. Kf2 d4 24. fxg7 Rb3 25. Rxc4 d3 26. Bxd3 Rxd3 27. Rc2
Rad8 28. Re1 R8d7 29. Rc5 Rd2+ 30. Re2 Rxe2+ 31. Kxe2 Bd5 32. Kf2 Bc4 33. Rg5
Rxg7 34. Re5 a4 35. g4 Rd7 0-1

[Event "Høstturneringen 2018"]
[Site "Ås, Akershus NOR"]
[Date "2018.12.06"]
[Round "9"]
[White "Lea, Per"]
[Black "Moberg, Jan Rune"]
[Result "1-0"]
[WhiteElo "1729"]
[BlackElo "1643"]
[Annotator "Lea,Per"]
[PlyCount "63"]
[EventDate "2018.08.30"]

1. e4 b6 2. d4 Bb7 3. Bd3 e6 4. Nf3 Nf6 5. e5 Ne4 6. Nbd2 f5 7. Qe2 Nxd2 8.
Bxd2 Be7 9. O-O-O c5 10. Bc4 a6 11. dxc5 b5 12. Bb3 O-O 13. Bc3 Qc7 14. Nd4 Nc6
$2 ({Etter det enkle} 14... Qxc5 15. Bxe6+ dxe6 16. Nxe6 Qc8 17. Nxf8 Qxf8 {er
stillingen materiell lik, og selv om Stockfish gir en liten fordel for hvit,
har svart motsjanser med sitt løperpar}) 15. Bxe6+ Kh8 ({Selv om hvit står
bedre etter} 15... dxe6 16. Nxe6 Qc8 17. Nxf8 Qxf8 {hadde allikevel denne
stillingen vært å foretrekke for svart}) 16. Bxd7 $2 {Her går det nok litt i
ball for hvit. Rekkefølgen er IKKE vilkårlig.} ({Etter} 16. Nxb5 axb5 17. Rxd7
Bg5+ 18. Kb1 Qc8 19. Rd6 Qc7 20. Qxb5 {har hvit 5 bønder for offiseren og
aktive brikker}) 16... Qxd7 17. Nxb5 Bg5+ $2 (17... Qe6 18. Nd6 Qxa2 19. Qc4
Bg5+ 20. f4 Qxc4 21. Nxc4 Bxf4+ 22. Kb1 Rad8 {er fordel for svart}) 18. Kb1 Qf7
19. Nd6 Qc7 20. e6 (20. Qh5 h6 21. h4 Be7 22. Nxf5 {ville vært enda mer
overbevisende}) 20... Bf6 21. Nf7+ (21. Bxf6 Rxf6 22. Rhe1 Qe7 23. a3) 21...
Rxf7 22. exf7 Qxf7 23. Bxf6 Qxf6 24. Rd6 Qf8 25. Rhd1 Na5 26. f3 Bc6 27. Qd3 (
27. Qe1 {vinner en offiser}) 27... Bb5 28. Qc3 Nc4 29. R6d4 Ne5 30. a4 Bc6 31.
Rd6 Qe8 32. Re1 {med offisersvinst} 1-0

[Event "Høstturneringen 2018"]
[Site "Ås, Akershus NOR"]
[Date "2018.12.06"]
[Round "9"]
[White "Furnes, Torstein"]
[Black "Rønbeck, Bjørn"]
[Result "0-1"]
[WhiteElo "1787"]
[BlackElo "1500"]
[Annotator "Furnes, Torstein"]
[PlyCount "66"]
[EventDate "2018.08.30"]

1. d4 d5 2. c4 e6 3. Nc3 Nf6 4. Bg5 Bb4 5. e3 Nbd7 6. Nf3 h6 7. Bh4 g5 8. Bg3
Ne4 9. Rc1 O-O 10. Bd3 Bxc3+ 11. bxc3 Nxg3 12. hxg3 Kg7 13. cxd5 exd5 14. Bc2
Nf6 15. Ne5 Qd6 16. Bb1 Rh8 17. Qc2 c5 18. f3 Be6 19. Kf2 b5 20. Rh2 Nd7 21. f4
Nf6 22. Rch1 $2 {Dermed har hvit siktet alle sine fem offiserer inn mot den
svarte kongestillingen. Men tårntrekket er en stor feil.} Ne4+ 23. Kf3 $2 $19 (
{Fritz vil spille} 23. Kg1 cxd4 ({Fritz mener at svart ville miste fordelen
etter det naturlige} 23... Nxg3 $2 24. fxg5 cxd4 25. gxh6+ Kf8 26. exd4) 24.
exd4) 23... cxd4 24. cxd4 Rac8 25. Qb2 f6 26. Ng4 f5 27. Bxe4 ({Litt mer
motstand gir} 27. Ne5 g4+ 28. Ke2 Nxg3+ 29. Kf2 Nxh1+ 30. Rxh1) 27... fxe4+ 28.
Kf2 Bxg4 29. fxg5 h5 ({Svart får mattangrep etter} 29... Rhf8+ 30. Kg1 (30. Ke1
Qxg3+ 31. Kd2 Qf2#) 30... Qb4 31. Qa1 Rc2) 30. Rb1 Rhf8+ 31. Kg1 Qxg3 32. Qxb5
Qxe3+ 33. Kh1 Rc1+ 0-1

[Event "Høstturneringen 2018"]
[Site "Ås, Akershus NOR"]
[Date "2018.12.06"]
[Round "9"]
[White "Samset, Jon"]
[Black "Simonsen, Steinar"]
[Result "1-0"]
[WhiteElo "1404"]
[BlackElo "1547"]
[PlyCount "81"]
[EventDate "2018.08.30"]

1. e4 e5 2. Nf3 Nc6 3. Bc4 h6 4. O-O Nf6 5. Nc3 d6 6. a3 Be7 7. b4 Bg4 8. Be2
Qd7 9. Bb2 O-O 10. d3 Nd4 11. Nxd4 exd4 12. Nd5 Bxe2 13. Nxe7+ Qxe7 14. Qxe2 c5
15. f4 Rad8 16. Rf3 Rfe8 17. Rg3 Qe6 18. f5 Qe5 19. Rf1 d5 20. Bc1 Kh7 21. Bf4
Qe7 22. e5 Nd7 23. Qh5 Rg8 24. Rh3 Rh8 25. Bxh6 Kg8 26. Qg4 f6 27. e6 Ne5 28.
Qg3 Kf8 29. Bd2 Rxh3 30. Qxh3 Kg8 31. Rf4 g5 32. fxg6 Nxg6 33. Rg4 Qh7 34. Qf3
Rf8 35. e7 Qf7 36. exf8=Q+ Kxf8 37. Qf5 Ne7 38. Qd7 Qh5 39. h3 Qe5 40. Bh6+ Kf7
41. Rg7+ 1-0

[Event "Høstturneringen 2018"]
[Site "Ås, Akershus NOR"]
[Date "2018.12.06"]
[Round "9"]
[White "Skaret, Runar"]
[Black "Olsen, Trygve"]
[Result "0-1"]
[WhiteElo "1434"]
[BlackElo "1542"]
[PlyCount "78"]
[EventDate "2018.08.30"]

1. e4 e5 2. Nf3 Nc6 3. Bc4 h6 4. O-O Nf6 5. d3 d6 6. a3 Bg4 7. Nbd2 Nd4 8. b4
b5 9. Ba2 a5 10. c3 Nxf3+ 11. Nxf3 a4 12. Qe2 Be7 13. Qe3 Bd7 14. Bb2 Ng4 15.
Qe2 O-O 16. h3 Nf6 17. Qe3 Qc8 18. Nh2 Nh5 19. g4 Nf4 20. Qg3 Ne2+ 21. Kg2 Nxg3
22. fxg3 Be6 23. c4 bxc4 24. dxc4 Qb7 25. Rfe1 f6 26. Nf3 c6 27. Nh4 Kh7 28.
Bb1 g6 29. Bd3 d5 30. exd5 cxd5 31. Bxg6+ Kg7 32. Bd3 e4 33. cxd5 exd3 34. Kh2
Qxd5 35. Nf5+ Bxf5 36. Rxe7+ Rf7 37. Rae1 d2 38. Rxf7+ Kxf7 39. Rd1 Bc2 0-1

[Event "Klubbmesterskapet 2018 (A)"]
[Site "Ås, Akershus NOR"]
[Date "2018.01.11"]
[Round "1"]
[White "Andersen, Odd"]
[Black "Johnson, David"]
[Result "1/2-1/2"]
[WhiteElo "1775"]
[BlackElo "1695"]
[Annotator "Lea, Per"]
[PlyCount "161"]
[EventDate "2018.01.11"]

1. d4 Nf6 2. c4 g6 3. Bf4 {Styrer unna lange og kjedelige(?) kongeindiske
eller Grünfeldindiske varianter.} Bg7 4. Nc3 d6 (4... d5 {hadde ledet til en
Grünfeldinder. Etter teksttrekket blir det kongeindisk med en litt uvanlig
plassert løper på f4.}) 5. e3 Nc6 {ChessBase har ingen partier i denne
varianten, men på 365Chess.com er det 4 (3 remiser og en svart seier).} ({
Vanligere er} 5... O-O) ({eller} 5... Nbd7) 6. Nf3 O-O 7. h3 e6 8. Be2 b6 9.
O-O Ne7 10. Rc1 Bb7 11. b4 {Svart står en smule trangt} Qd7 12. Qb3 Rae8 13.
Rfd1 a6 14. Bh2 Qc8 {Litt vanskelig å se planen bak dette trekket} 15. a4 (15.
c5 Rd8 16. cxb6 cxb6 17. b5 {ser ut til å gi en liten fordel for hvit}) 15...
Ne4 16. Nxe4 Bxe4 17. Nd2 Ba8 18. Bf3 ({Igjen er} 18. c5 {å foretrekke}) 18...
Nf5 19. c5 {Endelig!} Bxf3 20. Nxf3 bxc5 21. dxc5 d5 22. b5 Qb7 {Nå har hvit
fått en klart fordelaktig stilling} 23. c6 (23. b6 Rc8 24. a5 Ne7 25. Qa4 Nc6
26. Rb1 cxb6 27. cxb6 {hadde lagt ytterligere press på svart}) 23... Qb6 24.
Ne5 Bxe5 25. Bxe5 f6 26. Bh2 (26. Bxc7 Qxc7 27. b6 Qc8 28. e4 Ne7 (28... dxe4
29. Rd7 $1) 29. a5 {og hvit har kompensasjon for løperen i de sterke fribøndene
}) 26... Rb8 27. Rb1 Rfd8 28. Qb4 Nd6 $4 (28... axb5 29. g4 Nd6 30. axb5 Qa7 {
og svart kjemper med ryggen mot veggen} (30... Nxb5 31. Qe7 Qxc6 32. Rxb5 Qxb5
33. Bxc7 Re8 34. Qxf6 {er ytterst ubehagelig})) 29. Bxd6 Rxd6 30. Qa3 $2 (30.
a5 $1 Qxb5 31. Qe1 $1 {Ikke så lett å se denne over brettet!}) 30... axb5 ({
Bedre å prøve å tette igjen med} 30... a5 {men svart sliter også i den
varianten}) 31. axb5 (31. Rxb5 $1 Qa7 32. Rdb1 Rc8 33. Rb7 Qa8 {bør vinne for
hvit}) 31... Kf7 32. Rdc1 Rdd8 {Nå har det hele roet seg, og remisen vinker i
det fjerne} 33. Qd3 Ra8 34. Ra1 Ke7 35. h4 Rxa1 36. Rxa1 Rb8 37. Rb1 Kd6 $2 38.
h5 (38. e4 {Plutselig kunne hvit ha fått initiativet en gang til} d4 39. Qg3+
e5 40. h5 Qc5 41. hxg6 hxg6 42. Qxg6 Qc4 (42... Rf8 43. Qg7 Ke6 $4 44. Qd7#))
38... f5 39. h6 (39. e4 fxe4 40. Qa3+ Qc5 41. Qg3+ e5 42. hxg6 e3 43. gxh7 Qc2
44. Re1 Qxh7 45. Qxe3 Qf5 46. Qh6+ {med initiativ for hvit, men svart kan
kanskje klare å forsvare seg}) 39... e5 40. g3 Qc5 41. Kg2 Qc4 42. Qa3+ Qc5 43.
Qb2 Qc4 44. f4 Qe4+ 45. Kf2 d4 46. fxe5+ Kxe5 $2 47. Re1 $1 Kd5 48. Qb3+ (48.
exd4 Qxd4+ 49. Qxd4+ Kxd4 50. Re7 Kc5 51. Rxh7 Kb6 52. Rg7 Rh8 53. Rxg6 Kxb5
54. Kf3 {og hvit vinner}) 48... Kc5 49. Qa3+ Kb6 50. Qa6+ Kc5 51. Qa7+ Rb6 52.
Qa3+ $2 (52. Qxc7 Kxb5 53. Qd7 dxe3+ 54. Kg1 (54. Rxe3 {går inn i
komplikasjoner som kan slå begge veier, f.eks.:} Qc2+ 55. Re2 Qc5+ 56. Ke1 (56.
Kf1 Qxc6 $2 57. Qd3+ Ka5 58. Ra2+ Kb4 59. Rb2+ Kc5 (59... Ka4 60. Qd1+ Ka5 61.
Qa1+ Qa4 62. Qxa4+ Kxa4 63. Rxb6) 60. Rc2+ Kb4 61. Rxc6) 56... Qxc6 (56... Qc1+
{med remis})) 54... Qc2 55. c7+ Rc6 56. Rxe3 Kb6 57. Re6 Rxe6 58. c8=N+ Kc5 59.
Qxe6 {og svart kan kanskje redde seg inn i remissjakker}) 52... Kxb5 53. Qb2+
Kc5 ({Her kunne svart gått for helpoenget med} 53... Kxc6 54. Qxd4 Qxd4 55.
exd4 {Svart har fordel, men må passe på den hvite h-bonden}) 54. Rc1+ $2 {
Overlater fordelen til svart} Kd5 55. Qa2+ Ke5 56. Re1 Kf6 57. Qa1 Kg5 58. exd4
Qc2+ 59. Re2 Qxc6 60. Qa3 Kxh6 61. Qf8+ Kh5 62. Qd8 Qf6 (62... g5 $1 {gir hvit
uoverstigelige problemer, men tårnsluttspillet bør også være vunnet}) 63. Qxf6
Rxf6 64. Re7 h6 65. Rxc7 Rd6 66. Rc4 Rd5 (66... Kg4 67. d5+ Kg5 68. Rd4 Kf6 69.
Rh4 h5 {og d-bonden faller}) 67. Kf3 g5 68. Ra4 Rd6 69. Rb4 Kg6 70. Ra4 Kf6 71.
Rb4 h5 72. Ra4 Ke6 73. Ke3 Rc6 74. Ra3 h4 {Dermed forsvinner den siste
vinstsjansen for svart} 75. gxh4 gxh4 76. Kf4 Rc4 77. Ra6+ Kd5 78. Kxf5 Kxd4
79. Rh6 Ke3 80. Kg5 Kf3 81. Rxh4 1/2-1/2

[Event "Klubbmesterskapet 2018 (A)"]
[Site "Ås, Akershus NOR"]
[Date "2018.01.11"]
[Round "1"]
[White "Lea, Per"]
[Black "Midtgard, Anders"]
[Result "1-0"]
[WhiteElo "1725"]
[BlackElo "1623"]
[Annotator "Lea, Per"]
[PlyCount "77"]
[EventDate "2018.01.11"]

1. e4 c5 2. Nf3 Nc6 3. d4 cxd4 4. Nxd4 Nf6 5. Nc3 e5 6. Ndb5 d6 7. Bg5 a6 8.
Na3 b5 9. Nd5 {Etter en liten trekkomkastning er vi nå inne i Furnesvarianten,
lokalt kjent gjennom 11 langsjakkpartier P. Lea - T. Furnes i perioden
1997-2016, pluss et ukjent antall lyn- og hurtigsjakkpartier.} Be7 10. Bxf6 {
De to første gangene jeg spilte denne varianten (mot H. Furnes i 1989 og T.
Furnes i 1997) slo jeg på e7 i stedet, i den tro at løperparet var det
viktigste her i livet. Men etter å ha gått til anskaffelse av John Nunn:
Beating the Sicilian, fikk jeg et annet syn på dette.} Bxf6 11. c3 O-O 12. Nc2
Bg5 13. a4 ({Et skittent triks her er} 13. h4 {med poenget} Bxh4 $4 14. Qh5 {
og løperen går tapt på grunn av matten på h7.}) 13... Rb8 {I følge Nunn er
dette ulogisk, siden det gir hvit en åpen tårnlinje helt gratis.} ({Sju av
partiene mot Torstein fortsatte} 13... bxa4 14. Rxa4 a5 15. Bc4) 14. axb5 axb5
15. Bd3 ({Nunn påstår at hvit får et farlig press etter} 15. Be2 Ne7 16. Ncb4
Bb7 17. O-O Bxd5 18. Nxd5 Nxd5 19. Qxd5 b4 20. Ra6 {men Stockfish er delvis
uenig.} ({Stockfish:} 20. c4)) 15... Ne7 16. Nce3 $2 (16. Nxe7+ Qxe7 17. Nb4
Qb7 18. O-O {opprettholder en liten fordel}) 16... Bxe3 17. Nxe3 b4 18. c4 $2 {
Ideen var at svart skulle bli sittende igjen med en svak isolert bonde i
b-linja, men nå får svart en kjempespringer på d4 uten at hvit kan forhindre
på noen enkel måte. Dessuten kan det bli et poeng at løperen på d3 blir en
"storbonde".} (18. O-O bxc3 19. bxc3 Be6 20. Bc4 Bxc4 21. Nxc4 Rc8 22. Nxd6
Rxc3 {med remis-stilling. Hele dronningfløyen er bondefri, og bøndene på
kongefløyen står helt symmetrisk.}) 18... Nc6 $1 {Svart utnytter umiddelbart
hvits feilvurdering} 19. b3 (19. O-O {er sjablongtrekket her, som også hindrer
svart i å få noen fordel. Ideen bak tekstrekket var å hindre at c-bonden
skulle bli svak.}) 19... Nd4 20. O-O Qg5 {Nå er fordelen i ferd med å tippe
over til svart.} 21. Nf5 ({Her vurderte jeg} 21. Qb1 {i frykt for brudd med f5,
men da avgjør svart i stedet med} Nf3+ 22. Kh1 Nd2) 21... Bxf5 22. exf5 Rfd8 ({
Her håpet jeg på} 22... Nxf5 23. Bxf5 Qxf5 24. Qxd6 Rfd8 25. Qc5 {med lik
stilling}) (22... Ra8 {gir fordel for svart}) 23. Ra6 (23. Be4 Nxf5 24. Ra5 (
24. Bxf5 Qxf5) 24... g6 {bør holde for hvit, men jeg liker ikke å ligge bonde
under. Stockfish sin vurdering av dette som en lik stilling bygger
sannsynligvis på en kombinasjon av svarts svake d-bonde og at hvit har løper
mot springer.}) 23... Ra8 $1 24. Rb6 Ra2 $1 {Friskt spill! Svart er mer moden
enn hvit - aldersforskjellen till tross - og bryr seg ikke om å telle bønder.}
25. Rxb4 $2 Rda8 (25... Rd2 $1 26. Qb1 Nf3+ 27. Kh1 Qf4 28. g3 Qh6 29. h4 Nxh4
30. gxh4 Qxh4+ 31. Kg2 Qg4+ 32. Kh2 d5 {er vunnet for svart, men kanskje ikke
så lett å se i en stadig mer kritisk tidsnød.}) 26. Qb1 Nf3+ 27. Kh1 Nd2 $4 {
En stygg overseelse, men svart var her flere ganger under 1 minutt og måtte
satse på bonustiden. Og som så mange av oss har observert: bonussekunder går
dobbelt så fort som "vanlige" sekunder!} 28. Qxa2 Rc8 29. Rd1 (29. f4 $1 {er
enda bedre}) 29... e4 30. Qxd2 Qf6 {Alternativet var å spille med ett tårn mot
to etter dronningbytte, men nå blir svart liggende både tårn og løper under.}
31. Bxe4 h5 32. Qxd6 Qc3 33. Rb8 Rxb8 34. Qxb8+ Kh7 35. Qb5 ({En raskere vei
til målet er} 35. f6+ g6 36. Qd6 Qxb3 37. Rd5 {og svart kommer seg ikke ut av
mattnettet.}) 35... Qb2 36. f6+ Kh6 (36... g6 37. Qxh5+ Kg8 38. Rd8#) 37. fxg7
Kxg7 (37... Qxg7 {utsetter matten noen trekk.}) 38. Qg5+ Kf8 39. Rd8# 1-0